|
|
|
|
| LEADER |
01671nam a2200385 a 4500 |
| 001 |
mzk03001066800 |
| 003 |
CZ BrMZK |
| 005 |
20180809142248.0 |
| 007 |
ta |
| 008 |
081121s1610 xr fr|||||00| ||czeod |
| 040 |
|
|
|a BOA001
|b cze
|
| 041 |
1 |
|
|a cze
|h lat
|
| 072 |
|
7 |
|a 094
|x Staré tisky
|2 Konspekt
|9 12
|
| 080 |
|
|
|a (0.068)094
|2 MRF
|
| 100 |
1 |
|
|a Beust, Joachim von,
|d 1522-1597
|7 mzk2009510457
|4 aut
|
| 245 |
1 |
0 |
|a Krátká Spráwá Kterak by člowěk pobožný k Smrti se strogiti měľ tak aby z toho Swěta sstiastně wykročiti mohl :
|b Z Latinského Jazyku w Cžeský přeložen
|
| 260 |
|
|
|a [Wytisstěno w Starém Městě Pražském :
|b w Ympressý Ssumanské. S Dowolenjm p. Adminystrátora pod Obogj přigimagijcých a Osob k tomu nařjzených,
|c 1610]
|
| 300 |
|
|
|a [94] listů ;
|c 8°
|
| 500 |
|
|
|a Výzdoba: Vlysy, iniciály
|
| 501 |
|
|
|a Přívazek 2 k: Kázanij O Zadržowáni y wywozowáni ... / Vít Jakeš
|
| 510 |
4 |
|
|a Knihopis,
|c K01096
|
| 590 |
|
|
|a Chybí listy K1, K8 a N1-N4. Okraje stran při převazbě nešetrně oříznuty s drobnými ztrátami textu na konci řádků
|
| 655 |
|
7 |
|a staré tisky
|7 fd422076
|2 czenas
|
| 700 |
1 |
|
|a Valecius, Simeon,
|c Lounský,
|d zemř. po 1616
|4 trl
|
| 700 |
1 |
|
|a Hanuš Landškrounský z Kronenfeldu, Jiří,
|d zemř. ca 1614
|7 jn20011024134
|4 oth
|
| 700 |
1 |
|
|a Christophorus ze Siřejovic, Pavel
|4 oth
|
| 903 |
|
|
|a RP
|
| 910 |
|
|
|a BOA001
|b ST1-0025.688,přív.2
|
| 978 |
|
|
|b Šuman, Jan
|a Praha
|c 1610
|
| 984 |
|
|
|a Praha
|b Česko
|
| 985 |
|
|
|a 1601-1650
|
| 990 |
|
|
|a BK
|
| 993 |
|
|
|a Y
|
| 991 |
|
|
|k mzk
|
| 994 |
|
|
|a UP
|l MZK03
|b 000489048
|m přívazek 2
|n záznam 1. díla (pro objednání pokračujte kliknutím)
|